banner koha

Study and evaluation of the federal policy for tourism and its impact on coastal regions (Registro n. 10007)

MARC details
000 -LÍDER
Campo de controle fixo 00982nam a22003257a 4500
001 - NÚMERO DE CONTROLE
Número de controle BR2023001063
003 - CÓDIGO MARC DA AGÊNCIA CATALOGADORA
Campo de controle BR-BrBNA
005 - DATA E HORA DA ÚLTIMA ATUALIZAÇÃO
Campo de controle 20230920135202.0
008 - CAMPO DE TAMANHO FIXO
Campo fixo de controle 230920b bl.||||| |||| 00| 0 por d
040 ## - FONTE DA CATALOGAÇÃO
Agência catalogadora BR-BrBNA
Idioma da catalogação por
041 ## - CÓDIGO DO IDIOMA
Código do Idioma eng
072 ## - CATEGORIA AGRIS
Código da categoria de assunto/objeto <a href="P01 ; M40 ; E70">P01 ; M40 ; E70</a>
090 ## - NÚMERO DE CHAMADA
Localização na estante P01
Código BR BR2023001063
100 ## - ENTRADA PRINCIPAL - NOME PESSOAL
Nome pessoal Becker, Bertha Koiffmann
110 ## - ENTRADA PRINCIPAL - ENTIDADE
Nome da entidade ou lugar Ministério do Meio Ambiente, dos Recursos Hídricos e da Amazônia Legal, Brasília, DF (Brasil)
245 ## - TÍTULO PRINCIPAL
Título principal Study and evaluation of the federal policy for tourism and its impact on coastal regions
260 ## - IMPRENTA (PUBLICAÇÃO, DISTRIBUIÇÃO, ETC.)
Lugar de publicação, distribuição, etc. Brasília, DF (Brasil)
Data de publicação, distribuição, etc 1995
300 ## - DESCRIÇÃO FÍSICA
Extensão 53 p.
500 ## - NOTA GERAL
Notas gerais 16 ref.; 2 illus.; 6 tables
650 ## - ASSUNTO - THESAGRO
Cabeçalho tópico ou nome geográfico TURISMO
650 ## - ASSUNTO - THESAGRO
Cabeçalho tópico ou nome geográfico RECURSO ECONÔMICO
650 ## - ASSUNTO - THESAGRO
Cabeçalho tópico ou nome geográfico POLÍTICA AMBIENTAL
650 ## - ASSUNTO - THESAGRO
Cabeçalho tópico ou nome geográfico POLÍTICA DE DESENVOLVIMENTO
650 ## - ASSUNTO - THESAGRO
Cabeçalho tópico ou nome geográfico MERCADO
650 ## - ASSUNTO - THESAGRO
Cabeçalho tópico ou nome geográfico AMBIENTE BÊNTICO
650 ## - ASSUNTO - THESAGRO
Cabeçalho tópico ou nome geográfico LITORAL
650 ## - ASSUNTO - THESAGRO
Cabeçalho tópico ou nome geográfico ECOLOGIA AQUÁTICA
909 ## - IDENTIFICAÇÃO DO CATALOGADOR
Ano e mês da catalogação (aaaamm) 202309
Identificação do catalogador Fernando
942 ## - TIPO ESPECÍFICO
Tipo de material Livros
952 ## - LOCATION AND ITEM INFORMATION (KOHA)
-- 2023-09-20
Exemplares
Status de empréstimo Fonte de classificação Status de danificação Não pode ser emprestado Código da coleção Localização permanente Localização atual Localização na estante Total Checkouts Número de chamada Código de barras Tipo de material
  Classificação AGRIS     Agrobase Biblioteca Nacional de Agricultura - Binagri Biblioteca Nacional de Agricultura - Binagri Agrobase - Acervo Geral   P01 BR2023001063 2023-436378 Livros

BINAGRI

Telefone: (61)3218-2567/2388/3357/2097 - binagri@agro.gov.br

Ministério da Agricultura e Pecuária , Esplanada dos Ministérios, Bloco D, Anexo B, Brasília/DF, CEP: 70.043-900